[Event "24th ECh U20"]
[Site "Siofok HUN"]
[Date "1996.??.??"]
[Round "10"]
[White "Sylvan, Jacob"]
[Black "Luukkonen, Tommi"]
[Result "1/2-1/2"]
[WhiteElo "2285"]
[BlackElo "2130"]
[EventDate "1996.08.30"]
[PlyCount "99"]

1.d4 g6 2.e4 Bg7 3.Nc3 d6 4.Be3 a6 5.Nf3 b5 6.Bd3 Nd7 7.Qd2 c5 8.O-O Bb7 
9.a4 b4 10.Ne2 Ngf6 11.Ng3 O-O 12.c3 bxc3 13.bxc3 cxd4 14.cxd4 Ng4 15.Bf4 
e5 16.dxe5 Ndxe5 17.Nxe5 Nxe5 18.Be2 h5 19.Rfd1 h4 20.Nf1 Bxe4 21.Qxd6 
Qxd6 22.Rxd6 Nc4 23.Bxc4 Bxa1 24.Rxa6 Rac8 25.Bb5 h3 26.gxh3 Rfd8 27.h4 
Rd1 28.h3 Rc5 29.Rd6 Rxd6 30.Bxd6 Rd5 31.Bc6 Rd4 32.Bxe4 Rxe4 33.a5 Rxh4 
34.Ne3 Rxh3 35.a6 Bd4 36.Bb8 Bxe3 37.Kg2 Rh5 38.fxe3 Ra5 39.a7 Kf8 40.Bd6+
Ke8 41.Bc5 f5 42.Kf3 Ra4 43.Bd4 Kd7 44.Kf4 Ke6 45.Kg5 Kd5 46.Kf4 Ra6 47.
Kg5 Ke4 48.Bc5 Kd5 49.Bd4 Ra5 50.Bb6 1/2-1/2

[Event "24th ECh U20"]
[Site "Siofok HUN"]
[Date "1996.??.??"]
[Round "11"]
[White "Zifroni, Dov"]
[Black "Nisipeanu, Liviu-Dieter"]
[Result "1/2-1/2"]
[WhiteElo "2490"]
[BlackElo "2500"]
[EventDate "1996.08.30"]
[PlyCount "30"]

1.c4 Nf6 2.Nc3 c5 3.g3 d5 4.cxd5 Nxd5 5.Bg2 Nc7 6.Qa4+ Qd7 7.Qxd7+ Nxd7 8.
Nf3 e5 9.e3 Ne6 10.O-O g6 11.b3 Bg7 12.Bb2 O-O 13.Rfd1 Rd8 14.Ne4 f5 15.
Neg5 Nc7 1/2-1/2

[Event "24th ECh U20"]
[Site "Siofok HUN"]
[Date "1996.??.??"]
[Round "11"]
[White "Kovacs, Gabor"]
[Black "Gyimesi, Zoltan"]
[Result "1/2-1/2"]
[WhiteElo "2335"]
[BlackElo "2480"]
[EventDate "1996.08.30"]
[PlyCount "28"]

1.e4 e5 2.Bc4 Nf6 3.Nc3 Nc6 4.d3 Bb4 5.Ne2 d5 6.exd5 Nxd5 7.O-O Be6 8.Bxd5
Bxd5 9.a3 Bxc3 10.Nxc3 O-O 11.Be3 f5 12.f4 Qd7 13.Qe1 Rae8 14.Qf2 Re6 
1/2-1/2

[Event "24th ECh U20"]
[Site "Siofok HUN"]
[Date "1996.??.??"]
[Round "11"]
[White "Savic, Miodrag"]
[Black "Chekurov, Viacheslav"]
[Result "1/2-1/2"]
[WhiteElo "2345"]
[BlackElo "2425"]
[EventDate "1996.08.30"]
[PlyCount "119"]

1.e4 c5 2.Nf3 e6 3.c3 d5 4.exd5 Qxd5 5.d4 Nf6 6.Be2 Be7 7.O-O O-O 8.Be3 
cxd4 9.Nxd4 a6 10.Bf3 Qd8 11.Bf4 Nd5 12.Bg3 Bf6 13.Na3 e5 14.Nb3 Nb6 15.
Qxd8 Rxd8 16.Na5 Ra7 17.Rad1 Re8 18.Rfe1 N8d7 19.N3c4 Nxc4 20.Nxc4 b5 21.
Nd6 Rf8 22.Nxc8 Rxc8 23.Bg4 Rd8 24.f4 h5 25.fxe5 Nxe5 26.Rxd8+ Bxd8 27.
Bxh5 Bb6+ 28.Kh1 Nd3 29.Re2 g6 30.Bf3 Kg7 31.Rd2 Rd7 32.h4 Be3 33.Re2 Bf4 
34.Kh2 Kf6 35.Be4 g5 36.hxg5+ Kxg5 37.Bxf4+ Nxf4 38.Rf2 Rd6 39.Kg3 Nh5+ 
40.Kf3 Nf6 41.Re2 Ng4 42.Bc2 f6 43.a4 Ne5+ 44.Kg3 Nc4 45.b3 Ne5 46.axb5 
axb5 47.Re3 Rd2 48.Bh7 Rd8 49.b4 Rc8 50.Bb1 Rc7 51.Bc2 Rd7 52.Bb3 Rd8 53.
Bc2 Rd2 54.Bb1 Rd1 55.Bh7 Rd8 56.Re2 Rc8 57.Re3 Rd8 58.Bc2 Rd2 59.Bb1 Rd1 
60.Bc2 1/2-1/2

[Event "24th ECh U20"]
[Site "Siofok HUN"]
[Date "1996.??.??"]
[Round "11"]
[White "Chytilek, Roman"]
[Black "Prohl, Holger"]
[Result "0-1"]
[WhiteElo "2340"]
[BlackElo "2400"]
[EventDate "1996.08.30"]
[PlyCount "72"]

1.e4 e6 2.d4 d5 3.Nd2 c5 4.Ngf3 Nf6 5.e5 Nfd7 6.c3 Nc6 7.Bd3 Qb6 8.O-O 
cxd4 9.cxd4 Nxd4 10.Nxd4 Qxd4 11.Nf3 Qb6 12.a3 a5 13.Qa4 Be7 14.Be3 Qd8 
15.Qg4 g6 16.Rfe1 b6 17.Bh6 Bf8 18.Bg5 Be7 19.Bh6 Bf8 20.Bf4 Nc5 21.Bc2 a4
22.Rad1 Bd7 23.h4 Bb5 24.h5 Bc4 25.Ng5 Ra7 26.Nxf7 Rxf7 27.hxg6 hxg6 28.
Bg3 Bb3 29.Bxg6 Bxd1 30.Rxd1 Qd7 31.Qb4 Rh6 32.Bxf7+ Qxf7 33.Qb5+ Qd7 34.
Qxb6 Qh7 35.Qc6+ Kf7 36.Qc7+ Be7 0-1

[Event "24th ECh U20"]
[Site "Siofok HUN"]
[Date "1996.??.??"]
[Round "11"]
[White "Lehmann, Zoltan"]
[Black "Hausrath, Daniel"]
[Result "0-1"]
[WhiteElo "2285"]
[BlackElo "2440"]
[EventDate "1996.08.30"]
[PlyCount "78"]

1.d4 Nf6 2.c4 g6 3.Nc3 Bg7 4.e4 d6 5.f3 O-O 6.Bg5 c5 7.d5 e6 8.Qd2 exd5 9.
cxd5 a6 10.a4 Re8 11.Nge2 Nbd7 12.Nc1 Qc7 13.Be2 c4 14.O-O Rb8 15.Kh1 Nc5 
16.Bxc4 Nfd7 17.Be2 f5 18.exf5 gxf5 19.Be3 Ne5 20.Bd4 Ncd7 21.b3 Nf6 22.
Nd3 Qf7 23.Nxe5 dxe5 24.Ba7 Ra8 25.Be3 Bd7 26.a5 Kh8 27.Rfd1 Rad8 28.Bb6 
Rc8 29.Bc4 Qh5 30.d6 e4 31.f4 Ng4 32.Bg1 e3 33.Qc2 Rcd8 34.Rac1 Bc6 35.Bf1
Re6 36.Rd5 Bxd5 37.Nxd5 Rdxd6 38.Qc8+ Re8 39.Qxb7 {[#]} 39...Nxh2 0-1

[Event "24th ECh U20"]
[Site "Siofok HUN"]
[Date "1996.??.??"]
[Round "11"]
[White "Delemarre, Jop"]
[Black "Quinn, Mark"]
[Result "1/2-1/2"]
[WhiteElo "2360"]
[BlackElo "2350"]
[EventDate "1996.08.30"]
[PlyCount "90"]

1.d4 f5 2.Nf3 Nf6 3.g3 g6 4.c4 Bg7 5.b4 d6 6.Bb2 c6 7.Bg2 Na6 8.a3 Nc7 9.
O-O O-O 10.Nbd2 Qe8 11.Qc2 h6 12.Rae1 g5 13.e4 fxe4 14.Nxe4 Qg6 15.Nxf6+ 
Qxf6 16.Re3 Bf5 17.Qe2 Rae8 18.Ba1 Qg6 19.Re1 Rf7 20.Qd2 b5 21.cxb5 cxb5 
22.d5 Bxa1 23.Rxa1 Na8 24.Qe2 Nb6 25.Qxb5 Bd7 26.Qd3 Qf6 27.Rf1 Rc8 28.Nd2
Bf5 29.Be4 Bh3 30.Bg2 Bf5 31.Ne4 Qb2 32.Re2 Qe5 33.f4 gxf4 34.gxf4 Qh8 35.
Bh3 Bxh3 36.Qxh3 Qd4+ 37.Kh1 Qxd5 38.Rg1+ Kh7 39.Qf3 Rg8 40.Reg2 Rfg7 41.
Ng5+ Kh8 42.Qh5 Rg6 43.Nf7+ Kh7 44.Ng5+ Kg7 45.Rd1 Qa8 1/2-1/2

[Event "24th ECh U20"]
[Site "Siofok HUN"]
[Date "1996.??.??"]
[Round "11"]
[White "Barva, Attila"]
[Black "Belozerov, Andrei"]
[Result "1/2-1/2"]
[WhiteElo "2250"]
[BlackElo "2455"]
[EventDate "1996.08.30"]
[PlyCount "90"]

1.d4 Nf6 2.Nf3 c5 3.c3 e6 4.Bf4 b6 5.e3 Bb7 6.Nbd2 Be7 7.Bd3 O-O 8.Qe2 
cxd4 9.cxd4 Nd5 10.Bg3 Nb4 11.Bxb8 Rxb8 12.O-O Nxd3 13.Qxd3 d6 14.Rfc1 Qd7
15.Ne4 Rfc8 16.Nfd2 Rxc1+ 17.Rxc1 Rc8 18.Rxc8+ Qxc8 19.Qc3 Qc6 20.Qxc6 
Bxc6 21.f3 d5 22.Nc3 Bd6 23.Kf2 f6 24.e4 dxe4 25.fxe4 Kf7 26.g3 Ke7 27.Ke3
e5 28.Nf3 exd4+ 29.Nxd4 Kd7 30.a3 Be5 31.b4 a6 32.Nce2 g6 33.Nf4 Bb7 34.
Kd3 Ke7 35.Ke3 Bd6 36.h4 a5 37.h5 Kf7 38.hxg6+ hxg6 39.Nb5 Be5 40.Nd4 Bd6 
41.Nb5 Be7 42.bxa5 bxa5 43.Kd4 Bc6 44.a4 Bb4 45.Nd3 Be7 1/2-1/2

[Event "24th ECh U20"]
[Site "Siofok HUN"]
[Date "1996.??.??"]
[Round "11"]
[White "Lerch, Patrice"]
[Black "Antoniewski, Rafal"]
[Result "1/2-1/2"]
[WhiteElo "2330"]
[BlackElo "2350"]
[EventDate "1996.08.30"]
[PlyCount "142"]

1.e4 c5 2.Nc3 Nc6 3.g3 g6 4.Bg2 Bg7 5.d3 e6 6.Be3 d6 7.f4 Nge7 8.Nf3 O-O 
9.O-O b6 10.Bf2 Bb7 11.d4 cxd4 12.Nxd4 a6 13.Nb3 Qc7 14.Qd2 Rfd8 15.Rfe1 
b5 16.Qe3 Re8 17.Rad1 Nc8 18.a3 Rb8 19.g4 Ba8 20.Qg3 Nb6 21.Rd3 Nc4 22.Nd1
b4 23.a4 Nxb2 24.Nxb2 Bxb2 25.Red1 Rbd8 26.Qh4 f6 27.Qh6 Bb7 28.h4 Kh8 29.
h5 Rg8 30.a5 Qe7 31.Bb6 g5 32.e5 fxe5 33.Bxc6 Bxc6 34.Bxd8 Rxd8 35.Qxg5 
Qxg5 36.fxg5 d5 37.Nc5 Bb5 38.Nxe6 Rd6 39.Rxd5 Rxe6 40.h6 Bd4+ 41.Kh2 Re8 
42.Kg3 Kg8 43.Rd6 Kf7 44.Kh4 Ke7 45.Rf6 Rc8 46.Rd2 Bc4 47.Rd1 Rg8 48.Rc6 
Bb5 49.Rc7+ Bd7 50.Rb7 Rf8 51.Rd3 Rf4 52.Rxd7+ Kxd7 53.g6 hxg6 54.Kg5 Rf8 
55.h7 Ke7 56.Kxg6 Bc3 57.g5 Rc8 58.Kh6 e4 59.Re3 Ke6 60.g6 Kf5 61.Rh3 Bd2+
62.Kh5 Kf6 63.Rh4 Kg7 64.Rxe4 Rc5+ 65.Kh4 Bg5+ 66.Kh3 Bf6 67.Re6 Rh5+ 68.
Kg4 Rg5+ 69.Kf3 Rxg6 70.Rxa6 Kxh7 71.Rb6 Kg7 1/2-1/2

[Event "24th ECh U20"]
[Site "Siofok HUN"]
[Date "1996.??.??"]
[Round "11"]
[White "Mchedlishvili, Mikheil"]
[Black "Macionis, Andrius"]
[Result "1/2-1/2"]
[WhiteElo "2370"]
[BlackElo "2295"]
[EventDate "1996.08.30"]
[PlyCount "82"]

1.e4 e5 2.Nf3 Nc6 3.Bb5 a6 4.Bxc6 dxc6 5.O-O Bg4 6.h3 Bxf3 7.Qxf3 Qd7 8.d3
Bd6 9.Qg3 Ne7 10.Qxg7 Rg8 11.Qh6 O-O-O 12.Qh5 f5 13.exf5 Nxf5 14.Nd2 Rg6 
15.Ne4 Rdg8 16.g3 Ng7 17.Qf3 Qxh3 18.Qh1 Qg4 19.f3 Qf5 20.Be3 Nh5 21.g4 
Rxg4+ 22.fxg4 Rxg4+ 23.Qg2 Nf4 24.Bxf4 exf4 25.Rf3 Bc5+ 26.Nxc5 Qxc5+ 27.
Rf2 Rxg2+ 28.Kxg2 Qg5+ 29.Kh1 Qh4+ 30.Kg2 Qg5+ 31.Kh1 Qe5 32.c3 Qd5+ 33.
Kg1 Kb8 34.d4 h5 35.a3 Qg5+ 36.Rg2 Qf5 37.Rf1 h4 38.Rf3 c5 39.dxc5 Qxc5+ 
40.Rgf2 Qg5+ 41.Kh1 Qd5 1/2-1/2

[Event "24th ECh U20"]
[Site "Siofok HUN"]
[Date "1996.??.??"]
[Round "11"]
[White "Zulfugarli, Mahomed"]
[Black "Del Rio Angelis, Salvador Gabriel"]
[Result "1-0"]
[WhiteElo "2325"]
[BlackElo "2325"]
[EventDate "1996.08.30"]
[PlyCount "79"]

1.e4 e6 2.d4 d5 3.Nc3 Bb4 4.e5 Qd7 5.a3 Bxc3+ 6.bxc3 b6 7.a4 Ne7 8.Bb5 c6 
9.Bd3 Ba6 10.Bxa6 Nxa6 11.Qd3 Nc7 12.h4 c5 13.h5 Nc6 14.Nf3 f6 15.Bf4 
O-O-O 16.dxc5 bxc5 17.O-O f5 18.Rfb1 Na5 19.c4 Nxc4 20.Nd2 Nxd2 21.Bxd2 
Qc6 22.Rb2 Rd7 23.Rab1 Na6 24.Qb3 c4 25.Qa3 Re8 26.Bb4 Rb7 27.Bd6 Rxb2 28.
Qxb2 Rd8 29.c3 g5 30.hxg6 hxg6 31.Qc1 Qe8 32.Rb5 Qc6 33.Qb1 Qa8 34.Ra5 Qb7
35.Rb5 Qa8 36.Ra5 Qb7 37.Rb5 Qa8 38.Qe1 Qc6 39.Qe3 Qd7 40.Qc5+ {[#]} 1-0

[Event "24th ECh U20"]
[Site "Siofok HUN"]
[Date "1996.??.??"]
[Round "11"]
[White "Petrov, Jole"]
[Black "Moor, Roger"]
[Result "1-0"]
[WhiteElo "2365"]
[BlackElo "2240"]
[EventDate "1996.08.30"]
[PlyCount "220"]

1.d4 Nf6 2.Nf3 g6 3.c4 Bg7 4.g3 O-O 5.Bg2 d5 6.cxd5 Nxd5 7.O-O Nb6 8.Nc3 
Nc6 9.d5 Na5 10.e4 c6 11.Bg5 Re8 12.Rc1 h6 13.Bf4 g5 14.Be3 Nac4 15.Bd4 g4
16.Bxb6 axb6 17.Nh4 Ne5 18.Nf5 Bxf5 19.exf5 Qd7 20.Be4 Red8 21.Qe2 Bf6 22.
Rfd1 c5 23.d6 e6 24.fxe6 fxe6 25.h3 h5 26.hxg4 hxg4 27.Kg2 Kg7 28.Qd2 Rh8 
29.Rh1 Rad8 30.Rcd1 Nf7 31.Qf4 e5 32.Qe3 Rxh1 33.Rxh1 Rh8 34.Rxh8 Kxh8 35.
Nd5 Bg5 36.Qe1 Qxd6 37.Qd1 Qe6 38.Nc7 Qd6 39.Nd5 Nh6 40.Qa4 Nf7 41.Qa8+ 
Nd8 42.Qc8 Qe6 43.Qxe6 Nxe6 44.Nxb6 Bd8 45.Nc4 b5 46.Nxe5 Bf6 47.Nxg4 Bxb2
48.f4 c4 49.Ne3 Nc5 50.Bc6 Bc1 51.Nc2 Nd3 52.Bxb5 Nxf4+ 53.gxf4 Bxf4 54.
Bxc4 Kg7 55.a4 Bc7 56.Kf3 Kf6 57.Ke4 Ke7 58.Kd5 Kd7 59.Kc5 Kc8 60.Kb5 Kb7 
61.Nb4 Bh2 62.a5 Bg1 63.Bd5+ Kc7 64.Bc6 Kd6 65.Nd5 Bf2 66.Nb6 Kc7 67.Bf3 
Bg1 68.Nd5+ Kb7 69.Nf6+ Ka7 70.Nd7 Bd4 71.a6 Bg1 72.Bb7 Bd4 73.Kc6 Bg1 74.
Kc7 Bh2+ 75.Kc8 Bg1 76.Nb8 Kb6 77.Nc6 Kb5 78.Ne5 Kb6 79.Nc6 Kb5 80.a7 Bxa7
81.Nxa7+ Kb6 82.Nc6 Kb5 83.Kc7 Kc5 84.Bc8 Kd5 85.Bh3 Kc5 86.Bg2 Kb5 87.Kd6
Kc4 88.Bd5+ Kd3 89.Kc5 Ke3 90.Ne5 Kf4 91.Nd3+ Ke3 92.Kc4 Ke2 93.Kd4 Kd2 
94.Bb3 Ke2 95.Ne5 Kd2 96.Nf3+ Ke2 97.Ke4 Kf2 98.Kf4 Ke2 99.Bc2 Kf2 100.Bd3
Kg2 101.Nd4 Kf2 102.Nc2 Kg2 103.Be2 Kf2 104.Bf3 Kf1 105.Kg3 Kg1 106.Be2 
Kh1 107.Bf1 Kg1 108.Bh3 Kh1 109.Nd4 Kg1 110.Ne2+ Kh1 1-0

[Event "24th ECh U20"]
[Site "Siofok HUN"]
[Date "1996.??.??"]
[Round "11"]
[White "Gelbmann, Norbert"]
[Black "Sirigos, Nikolaos"]
[Result "1-0"]
[WhiteElo "2300"]
[BlackElo "2290"]
[EventDate "1996.08.30"]
[PlyCount "91"]

1.e4 e5 2.Nf3 Nc6 3.Bb5 a6 4.Ba4 Nf6 5.O-O Be7 6.Re1 b5 7.Bb3 O-O 8.a4 Bb7
9.Nc3 b4 10.Nd5 Nxd5 11.Bxd5 Bf6 12.a5 Rb8 13.c3 Ne7 14.Bxb7 Rxb7 15.d4 
Ng6 16.Qd3 Rb5 17.c4 Rb8 18.d5 d6 19.c5 Rb5 20.c6 h6 21.g3 Bg5 22.Nxg5 
hxg5 23.Qf3 f6 24.Qf5 Ne7 25.Qe6+ Kh7 26.Kg2 Ng6 27.h4 gxh4 28.Qf5 Qe8 29.
gxh4 Kg8 30.Kh3 Qc8 31.Qxc8 Rxc8 32.b3 f5 33.h5 Nh8 34.f3 Rf8 35.Be3 Nf7 
36.Rg1 Kh7 37.Rg2 Rbb8 38.Rag1 Rg8 39.exf5 Rbf8 40.f6 gxf6 41.Rxg8 Rxg8 
42.Rxg8 Kxg8 43.Kg4 e4 44.fxe4 Ne5+ 45.Kf5 Kf7 {[#]} 46.Bb6 1-0

[Event "24th ECh U20"]
[Site "Siofok HUN"]
[Date "1996.??.??"]
[Round "11"]
[White "Mifsud, Timothy"]
[Black "Szuk, Balazs"]
[Result "0-1"]
[WhiteElo "2230"]
[BlackElo "2350"]
[EventDate "1996.08.30"]
[PlyCount "76"]

1.e4 c5 2.Nf3 e6 3.d4 cxd4 4.Nxd4 Nf6 5.Nc3 Nc6 6.Ndb5 d6 7.Bf4 e5 8.Bg5 
a6 9.Na3 b5 10.Bxf6 gxf6 11.Nd5 f5 12.exf5 Bxf5 13.c3 Bg7 14.Nc2 Be6 15.
Nce3 Ne7 16.g3 Nxd5 17.Nxd5 O-O 18.Bg2 a5 19.O-O Rb8 20.Qh5 Kh8 21.Rad1 b4
22.c4 b3 23.axb3 Rxb3 24.c5 Rxb2 25.cxd6 a4 26.Ne7 a3 27.Be4 h6 28.Nc6 Qe8
29.d7 Bxd7 30.Rd6 Be6 31.Nxe5 Rb5 32.f4 f5 33.Qxe8 Rxe8 34.Bc6 Rb6 35.Rfd1
a2 36.Kg2 Reb8 37.Rd8+ Rxd8 38.Rxd8+ Kh7 0-1

[Event "24th ECh U20"]
[Site "Siofok HUN"]
[Date "1996.??.??"]
[Round "11"]
[White "Gabrielsen, Stig"]
[Black "Soln, Primoz"]
[Result "0-1"]
[WhiteElo "2225"]
[BlackElo "2330"]
[EventDate "1996.08.30"]
[PlyCount "64"]

1.e4 c5 2.Nf3 e6 3.d4 cxd4 4.Nxd4 Nf6 5.Nc3 d6 6.g4 a6 7.g5 Nfd7 8.h4 b5 
9.a3 Bb7 10.Be3 Qc7 11.h5 Nc6 12.Rh3 Nc5 13.g6 Ne5 14.f4 Nc4 15.Bxc4 bxc4 
16.Qg4 Nxe4 17.f5 Nf6 18.gxf7+ Qxf7 19.Qe2 e5 20.Ne6 Nd5 21.Qxc4 Rc8 22.
Qg4 Ne7 23.Ne4 Bxe4 24.Qxe4 Qxf5 25.Qa4+ Rc6 26.Ng5 Qxc2 27.Qb4 Qg2 28.Rc1
Rxc1+ 29.Bxc1 Qg1+ 30.Ke2 Qxc1 31.Ne4 Qc2+ 32.Kf1 Nc6 0-1

[Event "24th ECh U20"]
[Site "Siofok HUN"]
[Date "1996.??.??"]
[Round "11"]
[White "Praet, Maarten"]
[Black "Vasilev, Milen"]
[Result "1/2-1/2"]
[WhiteElo "2235"]
[BlackElo "2250"]
[EventDate "1996.08.30"]
[PlyCount "99"]

1.e4 c5 2.c3 d5 3.exd5 Qxd5 4.d4 Nc6 5.Nf3 Bg4 6.Be2 e6 7.h3 Bh5 8.c4 Qd6 
9.d5 Bxf3 10.Bxf3 Nd4 11.O-O e5 12.Be2 f5 13.f4 e4 14.Be3 Be7 15.Nc3 Bf6 
16.Rb1 a5 17.a3 Ne7 18.Kf2 O-O 19.Qd2 b6 20.Nb5 Nxb5 21.cxb5 g5 22.g3 gxf4
23.gxf4 Bh4+ 24.Kg2 Kh8 25.Kh2 Qxd5 26.Rbd1 Qxd2 27.Rxd2 Rad8 28.Rfd1 Nc8 
29.b4 axb4 30.axb4 Rxd2 31.Rxd2 Be1 32.Rd7 Bxb4 33.Bc4 Re8 34.Kg2 Bc3 35.
Bb3 h6 36.Kf1 Bg7 37.Ke2 Kh7 38.Bf2 Re7 39.Rd8 Rc7 40.Be6 Ne7 41.Bh4 Bd4 
42.Bxe7 Rxe7 43.Bxf5+ Kg7 44.Rd6 e3 45.Rxb6 Rf7 46.Rg6+ Kf8 47.b6 c4 48.
Be6 Rxf4 49.Bxc4 Bxb6 50.Rxb6 1/2-1/2

[Event "24th ECh U20"]
[Site "Siofok HUN"]
[Date "1996.??.??"]
[Round "11"]
[White "Nilsson, Mattias"]
[Black "Zavoronkov, Vladimir"]
[Result "1/2-1/2"]
[WhiteElo "2145"]
[BlackElo "2265"]
[EventDate "1996.08.30"]
[PlyCount "74"]

1.d4 Nf6 2.c4 e6 3.Nc3 Bb4 4.Qc2 d5 5.cxd5 exd5 6.Bg5 h6 7.Bh4 c5 8.dxc5 
g5 9.Bg3 Nc6 10.e3 Ne4 11.Bd3 Nxc5 12.Ne2 Qf6 13.a3 Nxd3+ 14.Qxd3 Bf5 15.
Qxd5 Bxc3+ 16.Nxc3 Rd8 17.Qf3 Qe6 18.O-O O-O 19.h3 Bc2 20.Rac1 Rd2 21.h4 
Kg7 22.e4 Rfd8 23.Qe3 R8d3 24.Qc5 b6 25.Qb5 Rxg3 26.fxg3 Bd3 27.Qd5 Qxd5 
28.exd5 Bxf1 29.dxc6 Bxg2 30.c7 Bb7 31.Nb5 Rg2+ 32.Kf1 Rxb2 33.Nxa7 Rb3 
34.hxg5 Rxa3 35.gxh6+ Kxh6 36.c8=Q Bxc8 37.Nxc8 Rxg3 1/2-1/2

[Event "24th ECh U20"]
[Site "Siofok HUN"]
[Date "1996.??.??"]
[Round "11"]
[White "Luukkonen, Tommi"]
[Black "Schacher, Gerd"]
[Result "0-1"]
[WhiteElo "2130"]
[BlackElo "2235"]
[EventDate "1996.08.30"]
[PlyCount "61"]

1.e4 c5 2.Nf3 d6 3.d4 cxd4 4.Nxd4 Nf6 5.Nc3 a6 6.Bc4 e6 7.Bb3 b5 8.O-O Be7
9.Qf3 Qb6 10.Be3 Qb7 11.Qg3 b4 12.Na4 Nbd7 13.f3 O-O 14.c3 bxc3 15.Nxc3 
Nc5 16.Rad1 Bd7 17.Rd2 Rfc8 18.Rb1 Nxb3 19.Nxb3 a5 20.Rc1 Rc4 21.e5 Nh5 
22.Qf2 dxe5 23.Bc5 Be8 24.Bb6 a4 25.Na1 Nf4 26.a3 Bh4 27.Qxh4 Ne2+ 28.Nxe2
Rxh4 29.Bf2 Rh6 30.Be3 Rg6 31.h4 0-1